00937cam a2200241 450000100060000000300080000600500170001400800390003103500190007004000320008904100080012108200250012910000220015424500990017625000120027526000580028730000370034549000550038250001380043750400500057565000480062570000220067315959BD-RjUL20211208235924.0140211r19681967ilua b 001 0 eng a(BD-RjUL)16014 aDLCcDLCdDLCdBD-RjULbeng aeng00a658.500184bBOA 19681 aBowman, Edward H.10aAnalysis for production and operations management /cby Edward H. Bowman and Robert B. Fetter. a3rd ed. aHomewood, Ill. :bR. D. Irwin,c1967 [printing 1968]. axiii, 870 p. :billus. ;c24 cm.0 aIrwin series in quantitative analysis for business a"A combined revision of [the authors'] Analysis for production management, 1957, 1961 [and] Analyses of industrial operations, 1959." aIncludes bibliographical reference and index. 0aIndustrial managementxMathematical models.1 aFetter, Robert B.